[Event "CZE-ch U14"]
[Site "Sec u Chrudimi"]
[Date "2007.10.21"]
[Round "2"]
[White "Sabolova, Kristyna"]
[Black "Fedor, Ondrej"]
[Result "0-1"]
[WhiteElo "1579"]
[BlackElo "1609"]
[PlyCount "98"]
[EventDate "2007.10.20"]
[EventType "swiss"]
[EventRounds "9"]
[EventCountry "CZE"]
[SourceTitle "EXT 2022"]
[Source "ChessBase"]
[SourceDate "2021.10.06"]
[SourceVersion "1"]
[SourceVersionDate "2021.10.06"]
[SourceQuality "1"]

1. d4 Nf6 2. c4 e6 3. Nf3 b6 4. Nc3 Bb4 5. a3 Bxc3+ 6. bxc3 Bb7 7. e3 d6 8. Bd3 Nbd7 9. Qe2 c5 10. e4 0-0 11. Bg5 e5 12. d5 h6 13. Bxf6 Qxf6 14. 0-0 Rfe8 15. Ne1 Nf8 16. Qg4 Ng6 17. Nc2 Bc8 18. Qg3 Nf4 19. Rad1 h5 20. h3 h4 21. Qf3 Qg5 22. Kh2 g6 23. Ne3 f5 24. Rg1 Rf8 25. g3 Nxh3 26. Rg2 f4 27. gxf4 Qxf4+ 28. Qxf4 Nxf4 29. Rg5 Kh7 30. Bf1 Kh6 31. Rg1 Kh5 32. Ng2 Nxg2 33. Rxg2 Bg4 34. Re1 Rf3 35. Re3 Rxe3 36. fxe3 Rf8 37. Be2 Bxe2 38. Rxe2 Rf3 39. Kg2 Kg4 40. a4 h3+ 41. Kh2 Kh4 42. Kg1 g5 43. Kh2 g4 44. Kg1 g3 45. Re1 h2+ 46. Kg2 Rf2+ 47. Kh1 Kh3 48. Rg1 g2+ 49. Rxg2 Rf1+ 0-1

[Event "CZE-ch U12"]
[Site "Zlate Hory"]
[Date "2006.03.17"]
[Round "8"]
[White "Vachal, Pavel"]
[Black "Fedor, Ondrej"]
[Result "1/2-1/2"]
[WhiteElo "1679"]
[BlackElo "1443"]
[PlyCount "37"]
[EventDate "2006.03.11"]
[EventType "swiss"]
[EventRounds "9"]
[EventCountry "CZE"]
[SourceTitle "EXT 2008"]
[Source "ChessBase"]
[SourceDate "2007.11.25"]
[SourceVersion "1"]
[SourceVersionDate "2007.11.25"]
[SourceQuality "1"]

1. e4 e6 2. d4 d5 3. e5 c5 4. c3 Qb6 5. Nf3 Nc6 6. Be2 Nh6 7. Na3 Nf5 8. Nc2 Be7 9. 0-0 h6 10. Bd3 g5 11. Bxf5 exf5 12. h3 Be6 13. Qe2 0-0-0 14. Rd1 Rdg8 15. c4 f4 16. dxc5 Qxc5 17. b4 Qxc4 18. Qxc4 dxc4 19. b5 1/2-1/2

[Event "CZE-ch U12"]
[Site "Zlate Hory"]
[Date "2006.03.11"]
[Round "1"]
[White "Balacek, Tadeas"]
[Black "Fedor, Ondrej"]
[Result "1-0"]
[WhiteElo "1811"]
[BlackElo "1443"]
[PlyCount "53"]
[EventDate "2006.03.11"]
[EventType "swiss"]
[EventRounds "9"]
[EventCountry "CZE"]
[SourceTitle "EXT 2008"]
[Source "ChessBase"]
[SourceDate "2007.11.25"]
[SourceVersion "1"]
[SourceVersionDate "2007.11.25"]
[SourceQuality "1"]

1. e4 e6 2. d4 d5 3. exd5 exd5 4. Bd3 Bd6 5. Nf3 Nf6 6. Bg5 0-0 7. 0-0 Nbd7 8. c4 c6 9. Nc3 dxc4 10. Bxc4 b5 11. Bb3 Qc7 12. Rc1 a6 13. Nd5 Nxd5 14. Bxd5 Bb7 15. Bxc6 Bxc6 16. d5 Ne5 17. Nd4 Ng6 18. g3 h6 19. Be3 Ne5 20. Nxc6 Nc4 21. Bd4 Rfe8 22. b3 Nb6 23. Qf3 Qd7 24. Bxb6 Qb7 25. Bd4 Rec8 26. Qg4 f6 27. Qe6+ 1-0